Maestros de antaño /

Guardado en:
Autor Principal: Ceriotto, Emilio
Formato: Libro
Publicado: Buenos Aires : Semca, 1948
Materias:
Etiquetas: Agregar Etiqueta
Sin Etiquetas, Sea el primero en etiquetar este registro!
LEADER 00451nam a22001695a 4500
001 CEM.cems006902
005 20060214000000.0
008 130507s1948##################000#0#####d
003 CEMS
082 0 4 |a 370.92 
100 1 |a Ceriotto, Emilio 
245 1 0 |a Maestros de antaño / 
260 |a Buenos Aires :  |b Semca,  |c 1948 
300 |a 73 p. 
653 |a Educacion 
653 |a Educacion-biografias 
859 |a CEMS  |b BIB. CEMS - 11 de abril  |h 370.92  |i C335  |p 9746.81  |t Ej.1